000 00445nam a2200157Ia 4500
999 _c19879
_d19879
003 OSt
005 20200706114849.0
008 190216s9999||||xx |||||||||||||| ||und||
040 _coclc
082 _a944.04
_bGRE/F
100 _aGreshoy
_93554
245 4 _aThe French Revolution And Napoleon /
_cGreshoy
260 _bPrentice Hall,
_aNew Delhi:
300 _a576p
942 _cBK
_2ddc
_h944.04
_iGRE/F
_k944.04
_mGRE/F